New Living Cases on Corporate Governance.

Bibliographic Details
Main Author: Hilb, Martin.
Format: eBook
Language:English
Published: Cham : Springer International Publishing AG, 2021.
Edition:1st ed.
Series:Management for Professionals Series
Subjects:
Online Access:Click to View
LEADER 05310nam a22004093i 4500
001 EBC6463794
003 MiAaPQ
005 20240729202203.0
006 m o d |
007 cr cnu||||||||
008 240729s2021 xx o ||||0 eng d
020 |a 9783030486068  |q (electronic bk.) 
020 |z 9783030486051 
035 |a (MiAaPQ)EBC6463794 
035 |a (Au-PeEL)EBL6463794 
035 |a (OCoLC)1236264960 
040 |a MiAaPQ  |b eng  |e rda  |e pn  |c MiAaPQ  |d MiAaPQ 
050 4 |a HD2741-2749 
100 1 |a Hilb, Martin. 
245 1 0 |a New Living Cases on Corporate Governance. 
250 |a 1st ed. 
264 1 |a Cham :  |b Springer International Publishing AG,  |c 2021. 
264 4 |c ©2021. 
300 |a 1 online resource (103 pages) 
336 |a text  |b txt  |2 rdacontent 
337 |a computer  |b c  |2 rdamedia 
338 |a online resource  |b cr  |2 rdacarrier 
490 1 |a Management for Professionals Series 
505 0 |a New Living Cases on Corporate Governance -- Preface -- Introduction: New Corporate Governance in the Post-Crisis World -- What Is ``New ́́-- Keep It Situational: The Board as Change Agent -- Keep It Strategic: The Board as Value Driver -- A Well-Diversified Board Team -- Well-Diversified Board Teams Consist of Members Representing All Relevant -- A Constructive and Open-Minded Board Team Culture -- An Effective Board Structure -- Shareholder and Stakeholder Measures of Success -- Keep It Integrated: The Board as A Team -- Phase I: Targeted Board Selection -- Phase II: Targeted Board Feedback -- Phase III: Targeted Board Remuneration -- Phase IV: Targeted Board Development -- Keep It Controlled: The Board as Controller -- An Effective Board Tries to Balance Both -- Contents -- Part I: The Board of Directors as a Change Agent -- Family Company Governance Case -- University Governance Case -- 1 What Actually Happened? -- 2 What Can We Learn from This Case? -- Start-Up Investor Governance Case -- NPO Governance Case -- 1 What Are the Main Causes of This Problem? -- 2 What Do You Recommend to Solve This Problem in an Effective Way? -- 3 What Happened in Reality? -- 4 What Are the Most Important Lessons Learned from This Case? -- Part II: The Board of Directors as a Direction Body -- MandA Governance Case -- 1 M-Tec International -- 2 The Conflict(seeFig. 1) -- 3 The Leadership -- 4 Problem Analysis -- Family Company Direction Case -- 1 What Happened in Reality? -- 2 What Can We Learn from This Case? -- University Direction Case -- 1 Definition and Background -- 2 Information on Bahçesehir University -- 3 The University Governance Structure of the Bahçesehir University in Istanbul (BAU Istanbul) -- 4 Questions -- 5 Discussion and Conclusion -- 6 What We Have Learned from This Case -- References -- Board of Directors as a Strategic Sparring Partner. 
505 8 |a 1 What Happened in Reality? -- 2 Results -- 3 Key Lessons Learned -- Part III: The Board of Directors as an HR Governance Body -- Reward Governance Case -- 1 Target: Resolution -- 2 What Happened in Reality and How Did the Vote Turn Out? -- 3 What Can We Learn from This Case? -- Succession Planning Governance Case -- Owner-CEO Collaboration Case -- 1 The Pros and Cons of an Owner-CEO Combination -- 2 Questions -- 3 What Happened in Reality? -- 4 What Can We Learn from This Case? -- Board-Management Collaboration Case -- 1 Analysis -- 2 Consultantś Advice -- 3 Workshop and Board: Management Resolutions -- Governance of Gender Diversity Case -- 1 What Happened in Reality? -- 2 What Are the Most Important Lessons Learned? -- A Case of Responsible Restructuring as Good Governance -- 1 Saturday Morning: The News -- 2 Saturday Afternoon: The Decision -- 3 Gearing up for Monday: Devising a Solution -- 4 Monday: Game, Set, and Match -- 5 Stepping into the Future: A New Frame of Mind -- Part IV: The Board of Directors as a Controlling Body -- Subsidiary Governance Case -- 1 Original Letter: -- 2 What Happened in Reality? -- Financial Competence on the Board Case -- 1 Situation -- 2 What Happened in Reality? -- 3 Takeaways -- IPO Governance Case -- 17.0 Epilogue -- Fraud Governance Case -- 1 What Happened in Reality? -- 2 What Are the Most Important Lessons Learned from This Case for the Effective Direction and Control of Companies? -- Afterword: Lessons Learned from the Living Cases and from the Global Financial Crisis -- Keep It Situational -- .0 First Lesson -- .0 Second Lesson -- Keep It Strategic -- .0 Third Lesson -- .0 Fourth Lesson -- Keep It Integrated -- .0 Fifth Lesson -- .0 Sixth Lesson -- Keep It Controlled -- .0 Seventh Lesson -- .0 Eighth Lesson -- Conclusion: Search for Sustainability and Common Sense. 
588 |a Description based on publisher supplied metadata and other sources. 
590 |a Electronic reproduction. Ann Arbor, Michigan : ProQuest Ebook Central, 2024. Available via World Wide Web. Access may be limited to ProQuest Ebook Central affiliated libraries.  
655 4 |a Electronic books. 
776 0 8 |i Print version:  |a Hilb, Martin  |t New Living Cases on Corporate Governance  |d Cham : Springer International Publishing AG,c2021  |z 9783030486051 
797 2 |a ProQuest (Firm) 
830 0 |a Management for Professionals Series 
856 4 0 |u https://ebookcentral.proquest.com/lib/matrademy/detail.action?docID=6463794  |z Click to View